Normale Ansicht MARC-Ansicht ISBD

Steile Formkurve der Linkshänderin. (Titelsatznr. 371063)

[ MARC ]
MARC-Details
000 -Satzkennung
Kontrollfeld mit fester Länge 00837nam a22002057a 4500
008 - Feld mit fester Länge zur physischen Beschreibung - Allgemeine Angaben
Kontrollfeld mit fester Länge 201127b ||||| |||| 00| 0 eng d
040 ## - Katalogisierungsquelle
Original-Katalogisierungsstelle ISIL EINTRAGEN
Katalogisierungssprache ger
Übertragungsstelle STAFF
Beschreibungsfestlegungen rda
041 ## - Sprachcode
Sprachcode des Textes/der Tonspur oder des separaten Titels ger
100 ## - Person oder Familie als 1. geistiger Schöpfer
Personenname Braun, Matthias
245 ## - Titel
Haupttitel Steile Formkurve der Linkshänderin.
Titelzusatz Handball: Sandra Szary empfängt am Sonnabend mit dem Frankfurter HC den HC Rödertal zum Gipfeltreffen der Dritten Liga. Die 26-Jährige Rückraumspielerin fühlt sich top fit./
Verantwortlichkeitsangabe Matthias Braun
653 ## - Lokales Schlagwort
Nicht-normierter Term Frankfurt (Oder)
653 ## - Lokales Schlagwort
Nicht-normierter Term Frankfurter HC
653 ## - Lokales Schlagwort
Nicht-normierter Term Handball
653 ## - Lokales Schlagwort
Nicht-normierter Term Handballspielerin
773 ## - Übergeordnete Einheit
Verknüpfungsangaben 32. Jahrgang (2021) Nr. 253 vom 29.10.2021, S. 21
Ort, Verlag und Erscheinungsjahr Frankfurt (Oder) Märkisches Verlags- und Druckhaus GmbH & Co KG
Titel Märkische Oderzeitung
942 ## - Zusätzliche Felder (Koha)
Koha-Medientyp Aufsätze
Exemplare
Ausgeschieden Verloren Beschädigt Nicht entleihbar Permanenter Standort Aktueller Standort Aufstellungsort Eingabedatum Anzahl Ausleihen Signatur Letzte Aktivität Preis gültig von Medientyp
        Stadtarchiv Frankfurt (Oder) | Archivbibliothek Stadtarchiv Frankfurt (Oder) | Archivbibliothek Magazin 29/10/2021   Z2 29/10/2021 29/10/2021 Aufsätze